| 000 | 01125nam a22003137a 4500 | ||
|---|---|---|---|
| 003 | CHAP | ||
| 005 | 20220329134730.0 | ||
| 008 | 971013s1971 r 00010 d | ||
| 010 | _a24989 | ||
| 011 | _a25961 | ||
| 035 | _a30061 | ||
| 040 | _cCHAP | ||
| 090 | _aFolleto 7806 (1971) | ||
| 110 |
_aInstituto Interamericano de Ciencias Agrícolas de la OEA. _959209 |
||
| 245 |
_aFacultades de agronomía, de medicina veterinaria y de ingeniería forestal en América Latina y el Caribe _b: directorio |
||
| 250 | _a3 ed. | ||
| 260 |
_aTurrialba, C.R. : _bInstituto Interamericano de Ciencias Agrrícolas de la OEA, _c1971 |
||
| 300 | _a26 p | ||
| 590 |
_aBATCH-UPD _b10 _c20130110 _lUCH01 _h2248 |
||
| 590 |
_aBATCH-UPD _b10 _c20130410 _lUCH01 _h1541 |
||
| 590 |
_aBATCH-UPD _b10 _c20130914 _lUCH01 _h1318 |
||
| 590 |
_aCONVERSION _b10 _c20130109 _lUCH01 _h1314 |
||
| 650 | 1 | 4 |
_aEscuelas agrícolas _xDirectorios. _937629 |
| 650 | 1 | 4 |
_aEscuelas forestales _xDirectorios. _937654 |
| 650 | 1 | 4 |
_aEscuelas veterinarias. _937668 |
| 901 | _aBK | ||
| 942 | _cFOLL | ||
| 949 |
_aFolleto 7806 (1971) _bBC _cFOLL _d-69364 _eTS1 _i30061 _mD _si |
||
| 999 |
_c24989 _d24989 |
||